| 000 | 00668nam a2200229 a 4500 | ||
|---|---|---|---|
| 001 | BRCA_5062 | ||
| 005 | 20190320204925.0 | ||
| 008 | 081110s1904----mx-#######---#000-0#spa-# | ||
| 041 | _aspa | ||
| 044 | _amx | ||
| 050 | 4 |
_aF1233 _b.M36 1904 |
|
| 100 | 1 |
_aMárquez, Leonardo _912908 |
|
| 245 | 1 | 0 |
_aManifiestos _bel imperio y los imperiales _cpor Leonardo Márquez, rectificaciones de Angel Pola. |
| 260 |
_aMéxico _bF. Vázquez _c1904 |
||
| 300 |
_a431 p. _bil., 1 lámina _c19 cm. |
||
| 500 | _aD151 | ||
| 650 | 1 | 4 |
_aIntervención francesa _y1861-1867 _912909 |
| 651 | 4 |
_aMéxico _xHistoria _9614 |
|
| 700 | 1 |
_aPola, Angel _912910 |
|
| 902 | _aGFM | ||
| 942 |
_2lcc _cB |
||
| 999 |
_c4756 _d4756 |
||